Представление документа в формате MARC21

ПолеНазваниеЗначение
  Тип записи a
  Библиографический уровень m
001 Контрольный номер RU\infra-m\znanium\bibl\556775
005 Дата корректировки 20260429142258.2
008 Кодируемые данные 191128s2016 RU g rus u
020 Индекс ISBN __
a ISBN 978-5-7782-2298-4
040 Источник каталогиз. __
a Служба первич. каталог. Общество с ограниченной ответственностью «ЗНАНИУМ»
041 Код языка издания __
a Код языка текста rus
044 Код страны публикации __
a Код страны публикации RU
080 Индекс УДК __
a Индекс УДК 811161
084 Индекс другой классификации/Индекс ББК __
2 Источник индекса rubbk
a Индекс другой классификации/Индекс ББК 81
084 Индекс другой классификации/Индекс ББК __
2 Источник индекса rubbk
a Индекс другой классификации/Индекс ББК 8120
084 Индекс другой классификации/Индекс ББК __
2 Источник индекса okso
a Индекс другой классификации/Индекс ББК 45.03.01
084 Индекс другой классификации/Индекс ББК __
2 Источник индекса okso
a Индекс другой классификации/Индекс ББК 45.03.02
100 Автор __
a Автор Бертик А.А.
q Полное имя Бертик Алла Абрамовна
245 Заглавие __
a Заглавие Разработка словаря сибирского диалекта русского жестового языка
b Продолж. заглавия Учебное пособие
260 Выходные данные __
a Место издания Новосибирск
b Издательство Новосибирский государственный технический университет (НГТУ)
c Дата издания 2013
300 Физическое описание __
a Объем 62 с.
520 Аннотация __
a Аннотация Учебное пособие раскрывает подходы к построению грамматической системы русского жестового языка основы лексики морфологии и словообразования а также структуру и функции электронного словаря сибирского диалекта русского жестового языка. Пособие адресовано студентам и специалистам изучающим русский жестовый язык сибирский диалект.
521 Примеч. о цел. назн. __
a Примеч. о целев. назн. Профессиональное образование
650 Тематические рубрики __
a Основная рубрика Филологические науки
x Основная подрубрика Русский язык
655 Указ. предметных рубрик (устаревшее) __
a Жанр/ форма (устаревшее) Учебное пособие
700 Другие авторы __
a Другие авторы Гриф М.Г.
q Полное имя Гриф Михаил Геннадьевич
u Дополнение Новосибирский государственный технический университет
700 Другие авторы __
a Другие авторы Елфимова С.В.
q Полное имя Елфимова Светлана Владимировна
u Дополнение Новосибирский государственный технический университет
700 Другие авторы __
a Другие авторы Королькова О.О.
q Полное имя Королькова Ольга Олеговна
u Дополнение Новосибирский государственный технический университет
856 Электронный адрес документа 4_
a Имя сервера/домена znanium.com
m Помощь ebs_support@infra-m.ru
n Местонахождение сервера НИЦ ИНФРА-М
u URL https://znanium.com/catalog/document?id=15070
856 Электронный адрес документа 48
a Имя сервера/домена znanium.com
d Путь /cover/0556
f Электронное имя 556775.jpg
q Тип электронного формата image/jpeg
u URL https://znanium.com/cover/0556/556775.jpg
911 __
u 0030=https://znanium.com/catalog/document?id=15070